header

How to make money scriptwriting (Record no. 10676)

MARC details
000 -LEADER
fixed length control field 01320nam a2200349 a 4500
100 1# - MAIN ENTRY--AUTHOR NAME
Personal name Friedmann, Julian.
245 10 - TITLE STATEMENT
Title How to make money scriptwriting
250 ## - EDITION STATEMENT
Edition statement 2nd ed.
260 ## - PUBLICATION, DISTRIBUTION, ETC. (IMPRINT)
Place of publication Exeter, Eng. ;
-- Portland, OR :
Name of publisher Intellect,
Year of publication 2000.
300 ## - PHYSICAL DESCRIPTION
Number of Pages iv, 219 p. :
Other physical details ill.
500 ## - GENERAL NOTE
General note Previous ed.: London: Boxtree, 1995.
650 #0 - SUBJECT ADDED ENTRY--TOPICAL TERM
Topical Term Television authorship.
Topical Term Motion picture authorship.
Topical Term Television plays
Topical Term Motion picture plays
856 40 - ELECTRONIC LOCATION AND ACCESS
Uniform Resource Identifier http://site.ebrary.com/lib/rucke/Doc?id=10015835

No items available.

© 2026 Rongo University
Contact us: librarian | system librarian | Rongo university